The status of Dalit and human right in India / (Record no. 65287)

MARC details
000 -LEADER
fixed length control field 00584nam a22001577a 4500
005 - DATE AND TIME OF LATEST TRANSACTION
control field 2012041907477.0
020 ## - INTERNATIONAL STANDARD BOOK NUMBER
International Standard Book Number 8188837857
Terms of availability 750.00
035 ## - SYSTEM CONTROL NUMBER
System control number B-219613
037 ## - SOURCE OF ACQUISITION
Stock number DPL
Source of stock number/acquisition ENG
100 ## - MAIN ENTRY--PERSONAL NAME
Personal name Rawat, Gyanendra Singh
245 ## - TITLE STATEMENT
Title The status of Dalit and human right in India /
Statement of responsibility, etc by Gyanendra Singh Rawat
260 ## - PUBLICATION, DISTRIBUTION, ETC. (IMPRINT)
Place of publication, distribution, etc New Delhi
Name of publisher, distributor, etc Sumit Enterprises
Date of publication, distribution, etc 2005
300 ## - PHYSICAL DESCRIPTION
Extent v, 360p.
Dimensions 22 cms.
942 ## - ADDED ENTRY ELEMENTS (KOHA)
Source of classification or shelving scheme Dewey Decimal Classification
Item type English Books
Classification part 305.560954
Call number suffix RAW
Holdings
Withdrawn status Lost status Not for loan Collection code Home library Current library Date acquired Cost, normal purchase price Full call number Barcode Cost, replacement price Koha item type
      Non-fiction Sarojini Nagar Sarojini Nagar 19/04/2012 750.00 305.560954 RAW B-219613 750.00 English Books

© Delhi Public Library
Hit Counter
free hit counter